Community policing in Latin America: lessons from Mexico City /

Gespeichert in:
Bibliographische Detailangaben
1. Verfasser: Müller, Markus-Michael
Format: Text
Tags: Tag hinzufügen
Keine Tags, Fügen Sie den ersten Tag hinzu!

MARC

LEADER 00000 a a2200000 04500
001 43820
003
040
100 |a Müller, Markus-Michael  
245 |a Community policing in Latin America:   |b lessons from Mexico City /  |c Markus-Michael Müller  
773 |g número88 ( , 2010), páginas 21-37  
999 |c 35186  |d 35186